00000000cam 2200000zi 4500
0019.961859
003CaOODSP
00520260603141714
006m     o  d f      
007cr cn ||||||||
008260413t20262026onc     o    f000 0 fre d
020 |a9780660995175
040 |aCaOODSP|bfre|erda|cCaOODSP
043 |an-cn---
0861 |aBT22-295/2026F-PDF
24500|aRapport Ce que nous avons entendu : |bplan d'action national du Canada pour un gouvernement ouvert 2025-2029.
24630|aPlan d'action national du Canada pour un gouvernement ouvert 2025-2029
264 1|a[Otawa] : |bSecrétariat du Conseil du trésor du Canada = Treasury Board of Canada Secretariat, |c[2026]
300 |a1 ressource en ligne (19 pages non numérotées)
336 |atexte|btxt|2rdacontent/fre
337 |ainformatique|bc|2rdamedia/fre
338 |aressource en ligne|bcr|2rdacarrier/fre
500 |aPublié aussi en anglais sous le titre : What we heard report: Canada's 2025-2029 national action plan on open government.
500 |a« Publié : le 2026-03-23. »
650 6|aGouvernement ouvert|zCanada|xOpinion publique.
650 6|aParticipation politique|zCanada|xOpinion publique.
650 6|aOpinion publique|zCanada.
7101 |aCanada. |bConseil du trésor, |eorganisme de publication.
77508|tWhat we heard report : |w(CaOODSP)9.961860
85640|qPDF|s405 Ko|uhttps://publications.gc.ca/collections/collection_2026/sct-tbs/BT22-295-2026-fra.pdf
8564 |qHTML|sS.O.|uhttps://www.canada.ca/fr/gouvernement/systeme/rapports-pangouvernementaux-depenses-activites/confiance-transparence/a-propos-gouvernement-ouvert/plan-action-national-gouvernement-ouvert/rapport-ce-que-nous-avons-entendu-plan-action-national-canada-gouvernement-ouvert-2025-2029.html